000 00944nam a22003377a 4500
001 BR6002973
003 BR-BrBNA
005 20230928095611.0
007 ta
008 230509b bl.||||| |||| 00| 0 por d
040 _aBR-BrBNA
_bpor
_cBiblioteca Nacional de Agricultura
041 _a(Por)
072 _aE50; C00
090 _ E50 BR6002973
100 1 _aCorrea, H.
100 1 _aNahas, E.
110 1 _aCoordenadoria de Assistencia Tecnica Integral, Campinas, SP (Brasil). Div. Regional Agricola de Campinas
245 1 _aMeios de comunicacao do Estado de Sao Paulo DIRA de Campinas
260 3 _aCampinas, SP (Brasil):
_c1969.
300 _a96 p.
500 _a114 tables; 10 ref.
650 _aSociologia Rural
650 _aEducacao
650 _aComunicacao
650 _aPopulacao
650 _aEscola
650 _aCooperativa
650 _aSao Paulo
909 _a202309
_bLucia
_c55
_dLucia Elande
942 _cBK
999 _c57536
_d57536